Bilecik Bilecik Bilecik Bilecik Bilecik

Condensed matter in a nutshell/ (Record no. 44720)

MARC details
000 -BAŞLIK
Sabit Uzunluktaki Kontrol Alanı 01311nam a22003257a 4500
001 - KONTROL NUMARASI
Control Dosyası 0044881
003 - KONTROL NUMARASI KİMLİĞİ
Kontrol Alanı KOHA_MİRAKIL
005 - EN SON İŞLEM TARİHİ ve ZAMANI
Kontrol Alanı 20260207003429.0
007 - FİZİKSEL TANIM SABİT ALAN - GENEL BİLGİ
Sabit uzunluklu kontrol alanı ta
008 - SABİT UZUNLUKTAKİ VERİ ÖGELERİ - GENEL BİLGİ
Sabit Alan 130916b2011 usa|||gr||||#||||0|eng |
020 ## - ISBN - ULUSLARARASI STANDART KİTAP NUMARASI
Isbn 9780691140162
Nitelik bilgileri (casebound : alk. paper)
020 ## - ISBN - ULUSLARARASI STANDART KİTAP NUMARASI
Isbn __
-- 0691140162
Nitelik bilgileri (casebound : alk. paper)
040 ## - KATALOGLAMA KAYNAĞI
Özgün Kataloglama Kurumu TR-BiSEU
Kataloglama Dili tur
Çeviri Kurumu TR-BiSEU
Açıklama Kuralları rda
041 0# - DİL KODU
Metin ya da ses kaydının dil kodu eng
044 ## - YAYINLAYAN/ÜRETEN KURULUŞUN ÜLKE KODU
ISO country code us
050 ## - SINIFLAMA ve YER NUMARASI
Sınıflama Numarası QC173.454
Yer Numarası .M34 2011
100 1# - KİŞİ ADI
Yazar Adı (Kişi adı) Mahan, Gerald D..
245 1# - ESER ADI BİLDİRİMİ
Başlık Condensed matter in a nutshell/
Sorumluluk Bildirimi Gerald D. Mahan ; Gerald D. Mahan.
264 #1 - ÜRERİM, YAYIN, DAĞITIM ve TELİF BİLDİRİMİ
Yayın yeri Princeton, N.J. :
Yayınlayan Princeton University Press
Yayın tarihi 2011
300 ## - FİZİKSEL TANIMLAMA
Sayfa, Cilt vb. xii, 574 p. :
Diğer fiziki detaylar ill. ;
Boyutları 27 cm.
336 ## - İÇERİK TÜRÜ
Content type term metin
Content type code txt
Source rdacontent
337 ## - MEDYA TÜRÜ
Media type term aracısız
Media type code n
Source rdamedia
338 ## - TAŞIYICI TÜRÜ
Carrier type term cilt
Carrier type code nc
Source rdacarrier
490 0# - DİZİ BİLDİRİMİ
Dizi Bildirimi In a nutshell
500 ## - GENEL NOT
Genel Not Includes bibliographical references and index.
500 ## - GENEL NOT
Genel Not Crystal structures -- Energy bands -- Insulators -- Free electron metals -- Electron-electron interactions -- Phonons -- Boson systems -- Electron-phonon interactions -- Extrinsic semiconductors -- Transport phenomena -- Optical properties -- Magnetism -- Superconductivity -- Nanometer physics.
650 #0 - KONU BAŞLIĞI EK GİRİŞ - KONU TERİMİ
Konusal terim veya coğrafi ad Condensed matter--Textbooks.
9 (RLIN) 82931
830 0# - SERİ EK GİRİŞİ - TEKBİÇİM ESER ADI
Tekbiçim Başlık In a nutshell
9 (RLIN) 82937
942 ## - EK GİRİŞ ÖGELERİ (KOHA)
Source of classification or shelving scheme Library of Congress Classification
Koha item type Book
Holdings
Materyal Türü Kalıcı Konum Mevcut Konum Raf Yeri Sınıflandırma Kaynağı Edinim Bilgisi Ana Konular Alt Konular Yer Numarası Demirbaş Numarası Fatura Tarihi Geri Çekilme Durumu Kayıp Durumu Hasarlı Durumu Kredi için değil Kayıt Tarih Toplam Ödünçverme Son Görülme Tarihi Son Kontrol Tarihi Genel / Bağış Notu
Book Prof. Dr. Azmi Özcan Kütüphanesi Prof. Dr. Azmi Özcan Kütüphanesi Birûni Salonu Library of Congress Classification Bağış BİLİM Fizik QC173.454 .M34 2011 0044881 02/02/2026         16/09/2013 2 05/12/2024 05/12/2024 Genel Bağış